Sports Quiz

Random Sports or MLB Quiz

AL West - 30+ single-season SB since 1970 Quiz Stats

Quiz not verified by Sporcle

Challenge
Share
Tweet
Embed
Score 0/134 Timer 13:00
0 Plays Today
SB Player % Correct
31Rickey Henderson
100%
33Rickey Henderson
100%
100Rickey Henderson
100%
56Rickey Henderson
100%
130Rickey Henderson
100%
108Rickey Henderson
100%
66Rickey Henderson
100%
52Rickey Henderson
100%
65Rickey Henderson
100%
58Rickey Henderson
100%
48Rickey Henderson
100%
31Rickey Henderson
100%
32Rickey Henderson
100%
66Rickey Henderson
100%
56Ichiro Suzuki
91%
31Ichiro Suzuki
91%
34Ichiro Suzuki
91%
36Ichiro Suzuki
91%
33Ichiro Suzuki
91%
45Ichiro Suzuki
91%
37Ichiro Suzuki
91%
43Ichiro Suzuki
91%
42Ichiro Suzuki
91%
40Ichiro Suzuki
91%
35Jose Altuve
79.2%
56Jose Altuve
79.2%
38Jose Altuve
79.2%
46Alex Rodriguez
76%
49Mike Trout
75.3%
33Mike Trout
75.3%
34Chone Figgins
73.6%
62Chone Figgins
73.6%
52Chone Figgins
73.6%
41Chone Figgins
73.6%
34Chone Figgins
73.6%
42Chone Figgins
73.6%
42Chone Figgins
73.6%
30Harold Reynolds
68.1%
60Harold Reynolds
68.1%
35Harold Reynolds
68.1%
31Harold Reynolds
68.1%
40Jose Canseco
67.7%
32Mike Davis
64.6%
41Rajai Davis
64.6%
50Rajai Davis
64.6%
SB Player % Correct
42Bert Campaneris
63.9%
34Bert Campaneris
63.9%
52Bert Campaneris
63.9%
34Bert Campaneris
63.9%
34Bert Campaneris
63.9%
54Bert Campaneris
63.9%
33Elvis Andrus
61.1%
32Elvis Andrus
61.1%
37Elvis Andrus
61.1%
42Elvis Andrus
61.1%
31Ian Kinsler
55.9%
30Ian Kinsler
55.9%
32Coco Crisp
52.8%
49Coco Crisp
52.8%
39Coco Crisp
52.8%
33Ruppert Jones
48.6%
59Julio Cruz
47.6%
49Julio Cruz
47.6%
45Julio Cruz
47.6%
43Julio Cruz
47.6%
46Julio Cruz
47.6%
33Julio Cruz
47.6%
34Mike Cameron
46.2%
31Mike Cameron
46.2%
32Devon White
45.8%
44Devon White
45.8%
48Gary Pettis
43.4%
56Gary Pettis
43.4%
50Gary Pettis
43.4%
38Gary Pettis
43.4%
52Don Baylor
42.4%
52Bump Wills
42%
35Bump Wills
42%
34Bump Wills
42%
53Bill North
42%
54Bill North
42%
30Bill North
42%
75Bill North
42%
31Julio Franco
41.7%
36Julio Franco
41.7%
36Leonys Martin
41.7%
31Leonys Martin
41.7%
40Claudell Washington
39.2%
37Claudell Washington
39.2%
30Mickey Rivers
38.2%
SB Player % Correct
70Mickey Rivers
38.2%
37Carney Lansford
37.8%
31Toby Harrah
33.3%
30Erick Aybar
30.6%
33Oddibe McDowell
29.2%
33Oddibe McDowell
29.2%
44Brian Hunter
28.8%
40Phil Bradley
28.5%
30Mark McLemore
27.1%
39Mark McLemore
27.1%
48Luis Polonia
26.7%
51Luis Polonia
26.7%
55Luis Polonia
26.7%
30Bobby Bonds
25.7%
41Bobby Bonds
25.7%
37Bobby Bonds
25.7%
50Otis Nixon
25.7%
42Mitchell Page
23.3%
35Sandy Alomar
22.6%
39Sandy Alomar
22.6%
32Dave Collins
19.4%
38Tom Goodwin
18.1%
39Tom Goodwin
18.1%
30Bobby Abreu
17.7%
36Stan Javier
17.7%
30Alfonso Soriano
17%
43Chad Curtis
16%
48Chad Curtis
16%
33Alfredo Griffin
14.9%
35Phil Garner
14.2%
30Lenny Randle
12.8%
51Dave Nelson
12.5%
43Dave Nelson
12.5%
34Jerry Remy
12.2%
35Jerry Remy
12.2%
41Jerry Remy
12.2%
33Cecil Espy
12.2%
45Cecil Espy
12.2%
50Miguel Dilone
10.8%
44Billy Sample
10.1%
33Rodney Scott
9.4%
31Larry Lintz
5.9%
33Wayne Tolleson
4.5%
31Jack Perconte
4.5%

You're not logged in!

Compare scores with friends on all Sporcle quizzes.
Sign Up with Email
OR
Log In

You Might Also Like...

Show Comments

Extras

Top Quizzes Today


Score Distribution

Your Account Isn't Verified!

In order to create a playlist on Sporcle, you need to verify the email address you used during registration. Go to your Sporcle Settings to finish the process.

Report this User

Report this user for behavior that violates our Community Guidelines.

Details: